[Event "48th Rilton Cup 2018"]
[Site "Stockholm"]
[Date "2018.12.31"]
[Round "5"]
[White "Zumsande, Martin"]
[Black "Pranav Anand"]
[Result "0-1"]
[WhiteElo "2490"]
[BlackElo "2274"]
[Annotator "TA"]
[PlyCount "68"]
[EventDate "2018.12.27"]
[EventType "swiss"]
[EventCountry "SWE"]
[SourceTitle "playchess.com"]
[Source "ChessBase"]
[SourceQuality "1"]

{[%evp 21,68,25,22,0,11,12,50,46,51,34,78,66,73,31,37,0,10,16,2,-83,0,-20,-14,-24,-27,-22,3,-72,-76,-103,-75,-953,-770,-1775,-1097,-29985,-29986,-29986,-29987,-5389,-1205,-1137,-1009,-929,-928,-1007,-1006,-919,-904]} 1. e4 e5 2. Nf3 Nc6 3. Bc4 Bc5 4. d3 Nf6 5. O-O O-O 6. a4 d6 7. c3 a6 8. Bg5 {C54: Giuoco Piano: 4 c3 Nf6, main lines with 5 d4 and 5 d3} (8. h3 Ba7 9. Re1 h6 10. b4 Be6 11. Bxe6 fxe6 12. Nbd2 Nh5 13. Ra2 Qf6 14. Nc4 Nf4 15. Kh2 Qg6 {½-½ (73) Kryvoruchko,Y (2689)-Bu,X (2730) Riadh 2017}) 8... h6 9. Bh4 g5 10. Bg3 Ba7 11. Na3 Ne7 {LiveBook: 3 Games} 12. Re1 Ng6 13. d4 Qe7 14. Nc2 c6 15. Ba2 $146 ({Predecessor:} 15. Ne3 Nf4 16. Qc2 exd4 {½-½ (26) Xu,Y (2371)-Lorparizangeneh,S (2478) Bhubaneswar 2016}) 15... Qc7 16. Ne3 Re8 17. dxe5 dxe5 18. Nd4 Nf4 ({But not} 18... Nxe4 $2 19. Qc2 $18) 19. Ndf5 Rd8 20. Qf3 (20. Qc2 $11 {remains equal.} Kh7 21. Red1) 20... Bxf5 (20... h5 $17 21. Nh6+ Kh7 22. Bxf4 (22. Nxf7 $2 g4 $19) 22... exf4 23. Nxf7 g4) 21. Nxf5 $11 {Bxf4 is the strong threat.} Rd3 $36 {[%mdl 2048] Black fights for an advantage.} 22. Re3 $1 {[%cal Re3d3]} Bxe3 23. fxe3 {And now Bc4 would win.} Qb6 24. Qf1 (24. b4 $11) 24... Rad8 ({Reject} 24... Qxb2 $6 25. exf4 exf4 26. Nxh6+ Kg7 27. Rb1 $14) 25. Nxh6+ Kg7 (25... Kh7 {is more complex.} 26. Nxf7 Nxe4 27. Kh1 Qxe3 28. Nxd8 Rxd8 29. Qf3 Qxf3 30. gxf3 Nxg3+ 31. hxg3 Ne2) 26. Nxf7 $2 {[%mdl 8192]} (26. Nf5+ $17 Kf8 27. Bc4) 26... Nxe4 $19 27. Bxf4 exf4 28. Nxd8 Qxe3+ 29. Kh1 Rxd8 30. Be6 Nf2+ (30... Rh8 $142 31. Bh3 Nf2+ 32. Qxf2 Qxf2) 31. Kg1 Ng4+ 32. Kh1 Qxe6 33. Re1 {[#]} Qxe1 $1 {[%mdl 512]} 34. Qxe1 {[#]} Rd1 $1 {[%mdl 512] Precision: White = 28%, Black = 57%.} 0-1

[Event "48th Rilton Cup 2018"]
[Site "Stockholm"]
[Date "2018.12.31"]
[Round "5"]
[White "Libiszewski, Fabien"]
[Black "Moroni, Luca Jr"]
[Result "0-1"]
[WhiteElo "2481"]
[BlackElo "2564"]
[Annotator "TA"]
[PlyCount "76"]
[EventDate "2018.12.27"]
[EventType "swiss"]
[EventCountry "SWE"]
[SourceTitle "playchess.com"]
[Source "ChessBase"]
[SourceQuality "1"]

{[%evp 17,76,19,43,25,39,34,31,41,30,-18,24,33,91,0,0,0,63,67,65,23,31,32,231,225,242,240,243,228,338,319,343,340,347,336,375,386,393,357,389,342,348,0,0,7,0,-263,-257,-256,-263,-250,-262,-224,0,-202,-209,-201,-195,-505,-494,-29984,-29985]} 1. e4 e5 2. Nf3 Nc6 3. Bc4 Bc5 4. O-O Nf6 5. d3 d6 6. c3 a6 7. a4 {C54: Giuoco Piano: 4 c3 Nf6, main lines with 5 d4 and 5 d3} Ba7 (7... h6 8. Re1 O-O 9. h3 Re8 10. b4 Ba7 11. Nbd2 Qe7 12. Nf1 Be6 13. Be3 Bxc4 14. dxc4 Qe6 15. Bxa7 Nxa7 {1-0 (47) Karjakin,S (2760)-Mamedyarov,S (2799) Riadh 2017}) 8. Re1 Ng4 9. Re2 Qf6 {LiveBook: 4 Games} 10. b4 $146 ({Predecessor:} 10. Na3 O-O 11. Nc2 Be6 12. h3 Nh6 13. Bg5 Qg6 14. Qd2 Bxc4 15. dxc4 {0-1 (72) Van Foreest,J (2609)-Adhiban,B (2671) Hoogeveen 2017}) 10... Qg6 11. Nbd2 O-O 12. Nf1 Kh8 13. Qd2 h6 (13... f5 $5 {[%cal Rf5e4]} 14. Nh4 Qh5 $11) 14. Ng3 Ne7 (14... Nf6 $14) 15. Nh4 ({White should try} 15. d4 $16) 15... Qf6 $11 16. Nf3 Ng6 (16... Qg6 $1 $11) 17. h3 $14 Nf4 18. hxg4 Bxg4 19. Re3 {Threatens to win with d4.} h5 $2 (19... b5 $14) 20. d4 $18 h4 21. Ne2 g5 22. Nh2 Bh5 (22... Bc8 {was worth a try.} 23. Bb2 h3) 23. Nxf4 gxf4 24. Rh3 Rg8 {Black hopes to continue with ...Rxg2+.} 25. Bb2 Rg6 26. Kh1 Rag8 27. Bf1 R8g7 28. Re1 Kg8 29. Rd3 $2 (29. dxe5 $18 dxe5 30. c4) 29... f3 $11 30. Nxf3 {aiming for dxe5.} h3 $1 {[%cal Rh3g2]} 31. g4 $2 {[%mdl 8192]} (31. dxe5 hxg2+ 32. Bxg2 Bxf3 $1 {[%mdl 512]} 33. Rxf3 Qxf3 $1 {[%mdl 512]} 34. Bxf3 Rh7+ 35. Qh6 Rhxh6+ 36. Bh5 Rxh5#) (31. g3 $1 $11 {and White stays safe.} Bxf3+ 32. Kh2) 31... Rxg4 $19 {[%cal Bg6g4,Bg4f4,Bf4f2][%mdl 32]} 32. Bc1 ({Worse is} 32. dxe5 dxe5 33. Bc1 (33. Bxh3 $2 Rf4 $19) 33... Rf4 $17) 32... Rf4 33. Nh2 Rxf2 34. Qe3 Qh4 $2 (34... d5 $1 $19 {[%cal Rd5e4] Strongly threatening ...dxe4.} 35. exd5 (35. Bxh3 $2 Qh4 $19) 35... e4 $1 {[%mdl 512]}) 35. Bd2 $2 {[#]} (35. Qxh3 $11 {and White has nothing to worry.} Rxh2+ {[%mdl 64] Decoy} 36. Kxh2 Qf2+ 37. Bg2 Qxe1 38. Qc8+ {[%mdl 64] Double Attack} Kh7 39. Qf5+ Kg8 40. Qc8+ Kh7 41. Qf5+ Kg8 42. Qc8+) 35... Bf3+ $1 $40 {[%mdl 704] Deflection. Black attacks with force.} 36. Qxf3 (36. Nxf3 Qg3) 36... Rxf3 37. Rxf3 $2 (37. Nxf3 {nothing else works.} Qf2 38. Bxh3) 37... exd4 {[%cal Be5d4,Bd4c3][%mdl 32]} 38. Rc1 (38. c4 $19 d3 39. c5 dxc5 40. Bxh3 cxb4 41. Ref1 Qxe4 42. Bh6) 38... dxc3 {Accuracy: White = 59%, Black = 40%.} 0-1

[Event "48th Rilton Cup 2018"]
[Site "Stockholm"]
[Date "2018.12.31"]
[Round "5"]
[White "Hauge, Lars Oskar"]
[Black "Santos Latasa, Jaime"]
[Result "*"]
[WhiteElo "2466"]
[BlackElo "2584"]
[Annotator "RC"]
[PlyCount "100"]
[EventDate "2018.12.27"]
[EventType "swiss"]
[EventCountry "SWE"]
[SourceTitle "playchess.com"]
[Source "ChessBase"]
[SourceQuality "1"]
[TimeControl "40/5400+30:1800+30"]

1. d4 {[%emt 0:01:45]} Nf6 {[%emt 0:00:00]} 2. Nc3 {[%emt 0:01:30]} e6 {[%emt 0:00:00]} 3. e4 {[%emt 0:03:08]} d5 {[%emt 0:01:21]} 4. e5 {[%emt 0:00:06]} Nfd7 {[%emt 0:00:04]} 5. f4 {[%emt 0:00:09]} c5 {[%emt 0:00:04]} 6. Nf3 {[%emt 0:00:03]} Nc6 {[%emt 0:00:39]} 7. Ne2 {[%emt 0:00:07]} Be7 {[%emt 0:00:08]} 8. g3 {[%emt 0:11:13]} O-O {[%emt 0:00:22]} 9. Bg2 {[%emt 0:00:09]} b5 {[%emt 0:00:40]} 10. O-O {[%emt 0:02:23]} a5 {[%emt 0:00:36]} 11. Be3 {[%emt 0:06:06]} b4 {[%emt 0:00:44]} 12. dxc5 {[%emt 0:05:54]} Ba6 {[%emt 0:01:31]} 13. Re1 {[%emt 0:07:02]} Bxc5 {[%emt 0:05:56]} 14. Ned4 {[%emt 0:00:58]} Qc7 {[%emt 0:00:54]} 15. Kh1 {[%emt 0:14:29]} Nxd4 {[%emt 0:01:43]} 16. Nxd4 {[%emt 0:04:11]} Rac8 {[%emt 0:00:44]} 17. Rc1 {[%emt 0:00:40]} Rfe8 {[%emt 0:05:08]} 18. Bg1 {[%emt 0:01:14]} g6 {[%emt 0:02:41]} 19. Qd2 {[%emt 0:04:49]} Bf8 {[%emt 0:03:53]} 20. Nf3 {[%emt 0:03:23]} Nc5 {[%emt 0:00:43]} 21. Bd4 {[%emt 0:00:07]} Ne4 {[%emt 0:00:59]} 22. Qe3 {[%emt 0:00:07]} Bc5 {[%emt 0:00:29]} 23. Bxc5 {[%emt 0:00:50]} Qxc5 {[%emt 0:00:42]} 24. Nd4 {[%emt 0:00:32]} a4 {[%emt 0:00:08]} 25. Kg1 a3 {[%emt 0:00:30]} 26. bxa3 bxa3 {[%emt 0:00:30]} 27. Bxe4 dxe4 {[%emt 0:00:30]} 28. Nb3 Qe7 {[%emt 0:00:30]} 29. Nd2 Bb7 {[%emt 0:00:30]} 30. Nxe4 Bxe4 {[%emt 0:00:30]} 31. Qxe4 Rc3 {[%emt 0:00:30]} 32. Kg2 Rec8 {[%emt 0:00:30]} 33. Re2 Qc7 {[%emt 0:00:30]} 34. Kh3 Qb6 {[%emt 0:00:30]} 35. Rd1 Qb2 {[%emt 0:00:30]} 36. Kg4 Qb5 {[%emt 0:00:30]} 37. Kh3 Kg7 {[%emt 0:00:30]} 38. Red2 Qb2 {[%emt 0:00:30]} 39. Qd4 Rxc2 {[%emt 0:00:30]} 40. Qxb2 axb2 {[%emt 0:00:30]} 41. Rxc2 Rxc2 {[%emt 0:30:30]} 42. Rb1 Kf8 {[%emt 0:00:30]} 43. Kg4 Rxh2 {[%emt 0:00:30]} 44. Kf3 Ke7 {[%emt 0:00:30]} 45. Ke3 Kd7 {[%emt 0:00:30]} 46. Kd4 Rg2 {[%emt 0:00:30]} 47. Kc3 Rxg3+ {[%emt 0:00:30]} 48. Kxb2 Rf3 {[%emt 0:00:30]} 49. Rd1+ Kc6 {[%emt 0:00:30]} 50. Rd4 Kc5 {[%emt 0:00:30]} *

[Event "48th Rilton Cup 2018"]
[Site "Stockholm"]
[Date "2018.12.31"]
[Round "5"]
[White "Haug, Johannes"]
[Black "Debashis, Das"]
[Result "1/2-1/2"]
[WhiteElo "2402"]
[BlackElo "2544"]
[Annotator "TA"]
[PlyCount "34"]
[EventDate "2018.12.27"]
[EventType "swiss"]
[EventCountry "SWE"]
[SourceTitle "playchess.com"]
[Source "ChessBase"]
[SourceQuality "1"]

{[%evp 17,34,23,25,-4,77,31,59,37,28,0,32,0,0,0,31,0,0,0,44]} 1. e4 d5 2. exd5 Qxd5 3. Nc3 Qd6 4. g3 Nf6 5. Bg2 c6 (5... g6 6. Nge2 Bg7 7. O-O O-O 8. d3 c6 9. Rb1 a5 10. Bf4 e5 11. Be3 Nd5 12. Bd2 {½-½ (52) Smirin,I (2663)-Inarkiev,E (2680) Khanty-Mansiysk 2013}) 6. d4 {B01: Scandinavian Defence} Bf5 7. Nf3 h6 8. O-O e6 9. Ne5 Be7 {LiveBook: 7 Games} 10. f4 Na6 $146 (10... Nbd7 $11) ({Predecessor:} 10... Nbd7 11. Nc4 Qc7 12. Ne3 O-O 13. Nxf5 exf5 {0-1 (47) Kwiatkowski,F (2217)-Wall,T (2183) Reading 2017}) 11. a3 (11. g4 $5 {[%cal Rg4f5]} Bh7 12. g5 $14) 11... Bh7 12. g4 Rd8 13. Be3 Nc7 14. Nc4 Qd7 15. Ne5 Qd6 16. Nc4 Qd7 17. Ne5 Qd6 1/2-1/2

[Event "48th Rilton Cup 2018"]
[Site "Stockholm"]
[Date "2018.12.31"]
[Round "5"]
[White "Rohith Krishna S"]
[Black "Yeoh, Li Tian"]
[Result "0-1"]
[WhiteElo "2399"]
[BlackElo "2508"]
[Annotator "TA"]
[PlyCount "108"]
[EventDate "2018.12.27"]
[EventType "swiss"]
[EventCountry "SWE"]
[SourceTitle "playchess.com"]
[Source "ChessBase"]
[SourceQuality "1"]

{[%evp 22,108,25,18,36,15,0,-18,-5,-23,16,-12,18,0,0,0,72,71,77,71,83,61,91,75,88,-41,65,-48,-48,-37,-31,-33,-20,-19,0,0,0,0,0,0,40,25,32,44,58,0,0,0,0,0,0,-14,-17,-28,-8,-47,0,0,0,-10,-10,-25,0,-6,-18,-21,-17,-13,0,-293,-329,-281,-293,-491,-287,-948,-777,-1162,-1019,-1270,-1269,-1672,-1584,-29988,-29989,-29990,-29991,-29991,-29992]} 1. d4 f5 2. g3 Nf6 3. Bg2 g6 4. Nf3 Bg7 5. O-O O-O 6. c4 d6 7. Nc3 c6 8. Qc2 Na6 9. a3 Qe8 10. e4 {A88: Dutch Defence: Leningrad System: 5 Nf3 0-0 6 0-0 d6 7 Nc3 c6} e5 11. dxe5 dxe5 12. b4 $1 {LiveBook: 8 Games. White has an edge.} Nc7 (12... Nxe4 13. Nxe4 fxe4 14. Ng5 Nc7 15. Bxe4 Ne6 16. Nxe6 Bxe6 17. Be3 Qf7 18. Rac1 Bf5 19. Rfe1 {½-½ (19) Safarli,E (2664)-Kuzubov,Y (2632) Nakhchivan 2016}) 13. c5 $146 ({Predecessor:} 13. Be3 b6 14. Rad1 Ng4 15. Bc1 f4 16. h3 Nh6 17. g4 Ne6 {0-1 (55) Niksic,J-Milicevic,D (2226) Vancouver 1999}) 13... f4 14. gxf4 Nh5 15. Ne2 exf4 16. Bb2 g5 17. Bxg7 Nxg7 18. Nxg5 Qh5 (18... Qg6 $1 $11 {remains equal.} 19. Nf3 Bh3 20. Qb3+ Be6) 19. Nf3 $16 Bg4 20. Kh1 Rae8 21. Neg1 Re6 22. h3 Rg6 23. Nh2 (23. Rad1 $16) 23... Bc8 (23... f3 $15 24. Nxg4 fxg2+ 25. Kxg2 Rxg4+ 26. hxg4 Qxg4+ 27. Kh2 Qh4+ 28. Kg2 (28. Nh3 Rf3 29. Qc4+ Kh8 30. e5 Rxh3+ 31. Kg2 Rh2+ 32. Kf3 Qxc4 33. Kg3 Rh5 34. Rae1 Nf5+ 35. Kf3 Rh3+ 36. Kg2 Qg4#) 28... Qg5+ 29. Kh1 Qh4+ 30. Kg2 Qg5+ 31. Kh2 Qh4+ 32. Kg2 (32. Nh3 $2 Rf3 $19)) 24. f3 ({Reject} 24. Bf3 $6 Bxh3 25. Rfd1 (25. Qa2+ $2 Kh8 $19) 25... Nce6 $11) ({White should try} 24. Ngf3 $14) 24... Qg5 $15 {[%mdl 1024] Black has compensation.} 25. Ng4 $1 h5 26. Nh2 Nge6 27. Qf2 Kh8 28. Ne2 Rfg8 {[%cal Rg5g2]} 29. Rg1 Qf6 30. Rad1 Rg3 31. Bf1 Qh4 {And now ...Rxg1+ would win.} 32. Nxg3 fxg3 33. Qb2+ (33. Qe1 $1 $14) 33... Rg7 $1 $11 34. Qe5 {aiming for f4!} Nf4 $1 35. Rd2 Nce6 36. Qb8 Rg8 37. Qe5+ Kh7 38. Qf5+ Kh6 39. Rd6 Rg6 40. Qe5 Kh7 $40 {[%mdl 128] White needs to defend precisely.} 41. Qf5 Kg7 42. Qe5+ Kf7 43. Qf5+ Ke7 44. Rd2 Qf6 45. Bc4 $2 {[%mdl 8192] [#]} (45. Qxf6+ $11 Kxf6 46. e5+ Ke7 47. h4) 45... Qg7 $1 $19 {Threatens to win with ...g2+.} 46. Ng4 {[#]} Rg5 $1 {[%cal Rg5f5]} 47. Ne3 $2 (47. Qf6+ Qxf6 48. Nxf6 Kxf6 49. h4) 47... Ke8 (47... g2+ $142 48. Rgxg2 (48. Kh2 $2 Nd4 $19) 48... Nxg2 49. Rxg2 Qa1+ 50. Kh2 Rxf5 51. Nxf5+ Kf6) 48. Rgd1 $2 (48. Bxe6 Nxe6 49. Rxg3 Rxg3 50. Qxh5+ Kf8 51. Rg2) 48... Rxf5 49. exf5 Qc3 50. Bd3 Ng5 51. Rc2 Qd4 52. Ng2 Nxd3 {Black mates.} 53. Re2+ Kf7 54. Ne1 Nf2+ {Precision: White = 45%, Black = 64%.} 0-1

[Event "48th Rilton Cup 2018"]
[Site "Stockholm"]
[Date "2018.12.31"]
[Round "5"]
[White "Hilverda, Alexander"]
[Black "Salomon, Johan"]
[Result "0-1"]
[WhiteElo "2362"]
[BlackElo "2494"]
[Annotator "TA"]
[PlyCount "82"]
[EventDate "2018.12.27"]
[EventType "swiss"]
[EventCountry "SWE"]
[SourceTitle "playchess.com"]
[Source "ChessBase"]
[SourceQuality "1"]

{[%evp 20,82,52,40,81,-14,-10,-61,-32,-43,-42,-57,-50,-50,-35,-128,-139,-137,-107,-122,-83,-104,-52,-158,-162,-142,-146,-184,-180,-183,-173,-172,-179,-182,-165,-168,-97,-193,-150,-289,-295,-311,-292,-285,-284,-289,-299,-277,-313,-443,-447,-422,-427,-610,-610,-610,-610,-593,-587,-581,-571,-776,-772,-746,-745]} 1. d4 Nf6 2. c4 g6 3. Nc3 Bg7 4. e4 d6 5. Nf3 O-O 6. Be2 e5 7. O-O Nc6 8. d5 Ne7 9. b4 a5 10. Ba3 Re8 {E97: King's Indian: Classical Main Line (6...e5 7 0-0 Nc6): 8 Be3 and 8 d5 Ne7, not 9 Ne1} (10... b6 11. bxa5 Nh5 12. Nd2 Nf4 13. axb6 Rxa3 14. Nb5 Ra5 15. bxc7 Qd7 16. a4 Ba6 17. Nb3 Bxb5 18. cxb5 Qxc7 19. Nxa5 Qxa5 {1-0 (38) Pelletier,Y (2557)-Nakamura,H (2816) Skopje 2015}) 11. bxa5 {LiveBook: 4 Games} c5 12. dxc6 $146 (12. Bc1 $16) ({Predecessor:} 12. Bc1 Rxa5 13. a4 Rf8 14. Bd2 Ra6 15. Qc2 Ne8 16. Rfb1 h6 17. Ra3 f5 18. Bd3 {½-½ (51) Hjartarson,J (2545)-Perez Ponsa,F (2585) Baku 2016}) 12... Qxa5 $11 {The position is equal.} 13. cxb7 ({White should try} 13. Bb2 $11) 13... Bxb7 $15 14. Nb5 Nxe4 15. Qe1 Qb6 16. Rb1 $1 {Threatens to win with Nxd6.} Qc6 {...Nf5 is the strong threat.} 17. Qb4 (17. Nxd6 $15 Nxd6 18. Bxd6) 17... Nf5 $17 18. Rfd1 h5 19. Bf1 Bh6 20. Rb3 Re7 (20... Reb8 $17) 21. Nc3 (21. Rd5 $15 Qd7 22. Rd1) 21... Nxc3 22. Qxc3 {[#]} Bg7 $1 {aiming for ...e4.} 23. Qb4 e4 $36 {[%mdl 2048] Black has strong initiative.} 24. Ne1 Ra4 25. Qb5 {[#]} Qxb5 $1 26. cxb5 Nd4 27. Re3 f5 ({Better is} 27... Bh6 $19 28. Rc3 e3 29. fxe3 Rxe3) 28. f4 (28. Bb2 $17 {was called for.}) 28... Rf7 29. Rc1 (29. Bb2 $17 {is a better defense.}) 29... d5 $19 30. b6 Ne6 {Hoping for ...Bd4.} 31. Rb3 Nxf4 32. Bb5 Ra8 33. Kf1 Ne6 34. Bc6 (34. Nc2 $142) 34... Nd4 {[%mdl 64] Double Attack. Black is clearly winning.} 35. Bxb7 Rxb7 36. Rb4 (36. Rbc3 $142 Rxb6 37. Rc8+ Rxc8 38. Rxc8+ Kh7 39. Rc5) 36... Rxa3 37. Rc7 Rb8 38. b7 {Strongly threatening Rc8+.} Be5 {[%mdl 64] Double Attack} 39. Rc8+ Kf7 40. Rxd4 Rxb7 (40... Bxd4 41. Rxb8 Be5 42. Ra8 $11) 41. Rxd5 Bxh2 {Accuracy: White = 28%, Black = 58%.} 0-1

[Event "48th Rilton Cup 2018"]
[Site "Stockholm"]
[Date "2018.12.31"]
[Round "5"]
[White "Mendonca, Leon Luke"]
[Black "Bellia, Fabrizio"]
[Result "1/2-1/2"]
[WhiteElo "2350"]
[BlackElo "2458"]
[Annotator "TA"]
[PlyCount "63"]
[EventDate "2018.12.27"]
[EventType "swiss"]
[EventCountry "SWE"]
[SourceTitle "playchess.com"]
[Source "ChessBase"]
[SourceQuality "1"]

{[%evp 17,63,17,40,33,43,6,18,-13,-7,-14,14,-6,0,-25,18,0,0,0,0,0,34,48,86,88,86,53,90,98,96,87,132,87,204,0,135,0,140,118,112,87,87,87,87,87,87,87,87,87]} 1. d4 d5 2. c4 c6 3. Nf3 Nf6 4. g3 {[%cal Bg2g3,Bg3g4,Bg4g5][%mdl 32]} Bf5 5. Nc3 e6 6. Nh4 {D11: Slav Defence: 3 Nf3 sidelines and 3...Nf6 4 e3 Bg4} (6. Qb3 Qc8 7. Bg2 h6 8. O-O Be7 9. Nd2 O-O 10. e4 dxe4 11. Ndxe4 Rd8 12. Be3 Ng4 {0-1 (27) Jakovenko,D (2710)-Mamedyarov,S (2791) Sochi 2017}) 6... Bg4 7. h3 Bh5 8. g4 Bg6 9. Nxg6 hxg6 {LiveBook: 9 Games} 10. g5 Ng8 {[%cal Bf6g8,Bg8e7,Be7f5][%mdl 32]} 11. Qb3 {With the idea cxd5.} Qb6 12. c5 Qxb3 $146 ({Predecessor:} 12... Qc7) 13. axb3 Rh4 14. f4 Ne7 15. e3 Nf5 16. Bd3 f6 17. gxf6 gxf6 18. Bd2 Nd7 19. b4 e5 20. Bxf5 gxf5 21. Kf2 b5 22. Ne2 Kf7 23. Kg3 Rh5 24. Kg2 Rh4 (24... e4 $16) 25. Kg3 Rh5 $1 26. Kg2 Rh4 $1 27. Ng3 Ke6 {White is better.} 28. Rhf1 e4 29. Rh1 a6 30. Ne2 Nb8 31. Kg3 Rh5 32. h4 {Accuracy: White = 55%, Black = 51%.} 1/2-1/2

[Event "48th Rilton Cup 2018"]
[Site "Stockholm"]
[Date "2018.12.31"]
[Round "5"]
[White "Bellon Lopez, Juan Manuel"]
[Black "Blomqvist, Erik"]
[Result "1-0"]
[WhiteElo "2349"]
[BlackElo "2497"]
[Annotator "TA"]
[PlyCount "57"]
[EventDate "2018.12.27"]
[EventType "swiss"]
[EventCountry "SWE"]
[SourceTitle "playchess.com"]
[Source "ChessBase"]
[SourceQuality "1"]

{[%evp 20,57,0,-16,0,-21,-38,-44,-26,-70,-72,-68,-73,-102,-100,-84,-90,-82,-93,-137,-52,-64,0,0,0,-34,0,0,0,0,0,0,0,0,19,-4,0,0,29991,29992]} 1. d4 d5 2. Nf3 Nf6 3. c4 e6 4. Nc3 dxc4 5. e3 a6 6. a4 c5 7. Bxc4 Nc6 8. O-O Be7 9. b3 cxd4 10. exd4 O-O 11. Re1 Nd5 $146 {D27: Queen's Gambit Accepted: Classical main line: 7 e4!? and 7 a4} ({Predecessor:} 11... Nb4 12. Ne5 Nbd5 13. Bd2 Bd7 14. a5 Bc6 15. Nxc6 bxc6 16. Na4 Nc7 17. Qf3 Nb5 18. Be3 Nd5 19. Red1 Qxa5 {½-½ (78) Castro Rojas,O (2390)-Salazar,C (2215) Cali 2007}) 12. Bxd5 exd5 13. Ne5 Bb4 {Black is slightly better.} 14. Nxc6 bxc6 15. Re3 f5 {[%cal Bf7f5,Bf5f4,Bf4f3][%mdl 32]} 16. Ba3 Bxa3 17. Rxa3 f4 18. Re5 f3 {...fxg2 is the strong threat.} 19. b4 Rb8 (19... fxg2 $17 {Hoping for ...Qh4.} 20. Qe1 Qh4) 20. b5 axb5 ({Black should play} 20... fxg2 $15 21. bxc6 Qd6) 21. axb5 $11 fxg2 22. Qd2 Qh4 {Strongly threatening ...Rb7.} 23. Ra7 Rb7 24. Rxb7 Bxb7 25. bxc6 Bxc6 26. Nxd5 {Threatens to win with Ne7+.} Kh8 27. Ne3 Bf3 28. Nxg2 h6 $2 {[%mdl 8192] [#]} (28... Qg4 $11 29. Rg5 Qe4) 29. Nxh4 {Accuracy: White = 68%, Black = 40%.} 1-0

[Event "48th Rilton Cup 2018"]
[Site "Stockholm"]
[Date "2019.01.02"]
[Round "6"]
[White "Nabaty, Tamir"]
[Black "Volkov, Sergey"]
[Result "1-0"]
[WhiteElo "2670"]
[BlackElo "2583"]
[Annotator "TA"]
[PlyCount "119"]
[EventDate "2018.12.27"]
[EventType "swiss"]
[EventCountry "SWE"]
[SourceTitle "playchess.com"]
[Source "ChessBase"]
[SourceQuality "1"]

{[%evp 21,119,5,11,8,13,16,14,0,0,0,59,61,54,64,70,70,74,70,68,69,70,67,88,79,77,56,51,48,48,52,60,62,66,60,84,79,86,78,79,64,251,97,103,62,60,59,59,58,45,45,51,20,160,153,175,175,174,185,173,178,187,177,177,166,207,181,178,193,194,182,190,122,377,387,400,378,394,393,585,387,725,718,709,702,672,664,643,576,29947,29938,11844,11844,29974,29972,29972,29973,29988,29989,29987,29988]} 1. e4 e6 2. d4 d5 3. Nc3 Nf6 4. e5 Nfd7 5. f4 c5 6. Nf3 Nc6 7. Be3 Be7 8. Qd2 O-O 9. Be2 {C11: French: Classical System: 4 e5 and 4 Bg5 dxe4} (9. dxc5 Qa5 10. a3 Bxc5 11. O-O-O Rd8 12. Bxc5 Nxc5 13. h4 Bd7 14. h5 h6 15. g4 Be8 16. Qe3 d4 17. Nxd4 Nxd4 18. Rxd4 {½-½ (26) Inarkiev,E (2689)-Volkov,S (2645) St Petersburg 2017}) 9... b6 10. O-O Bb7 11. Rad1 Rc8 {LiveBook: 5 Games} 12. a3 a6 13. Qe1 Qc7 14. Qg3 cxd4 15. Nxd4 {[#]} Nc5 $146 (15... Nxd4 $11 16. Bxd4 Bc5) ({Predecessor:} 15... Nxd4 16. Bxd4 {½-½ (25) Kubicki,T (2456)-Pessoa,F (2525) ICCF email 2010}) 16. Bg4 Nxd4 17. Bxd4 Ne4 18. Nxe4 dxe4 19. f5 exf5 20. Bxf5 Rcd8 21. c3 Bd5 22. Qe3 Qc6 23. Rfe1 $40 {[%cal Rf5e4][%mdl 128] White attacks.} b5 24. Bxe4 (24. Qf4 {feels hotter.} Rfe8 25. h3 g6 26. Re3 Bf8 27. Rf1) 24... Bxe4 25. Qxe4 Qe6 26. b4 g6 27. Rd3 Rfe8 28. Rf3 Rd7 29. Qe3 Bd8 30. Ref1 Qg4 $2 (30... Bc7 $14) 31. Rg3 $2 (31. h3 $1 $18 {[%cal Rh3g4] is the precise move to win.} Qe6 32. Qh6) 31... Qh4 $16 32. Rf5 Re6 $1 33. Rh3 Qg4 34. Rf4 Qg5 35. Rg3 Qh5 36. Rf1 f5 (36... Bc7 $1 $11) 37. Qf2 Rf7 {Black wants to play ...Bh4.} 38. Qa2 Rfe7 39. a4 bxa4 40. Bc5 Re8 41. Rd3 $1 {[%cal Rd3d8] And now Rxd8! would win.} (41. Qxa4 $6 Qe2 $16) 41... Bc7 42. Bd6 $1 {[%cal Rd6c7]} Bb6+ 43. Kh1 Qg4 {[#]} 44. c4 $1 {[%cal Rc4c5]} ({Don't do} 44. Qxa4 $6 Qc4 $16) 44... Qe4 {[#]} 45. Rdd1 $1 Be3 46. c5 ({Inferior is} 46. Qxa4 Qxc4 47. Qa1 Rc8 $11) ({White should try} 46. Rde1 $18) 46... Qxb4 $2 {[%mdl 8192]} (46... Qc6 $16 47. Ra1 Bd4) 47. c6 $18 {[%cal Bc5c6,Bc6c7][%mdl 32]} Qb3 48. Qxb3 axb3 49. Rd3 {[%mdl 64] Double Attack} Bh6 (49... Bc5 {might work better.} 50. c7 (50. Bxc5 Rxc6 51. Bg1 b2 $16) 50... Rc8 51. Rxb3 Ree8 52. Bxc5 Rxc7) 50. Rxb3 Bf8 $2 (50... Bd2 51. c7 Ba5) 51. c7 Rxd6 52. exd6 Bxd6 {[%mdl 4096] Endgame KRR-KRB} 53. Rc3 Rc8 54. Rd3 Be7 55. Rd7 Kf8 56. Re1 Bg5 57. Rb1 {White mates.} Ke8 58. Rxh7 Bf4 59. Re1+ Kf8 60. Rh8+ {Accuracy: White = 75%, Black = 46%.} 1-0